| 000 | 00600nam a22001457a 4500 | ||
|---|---|---|---|
| 999 |
_c10466 _d10466 |
||
| 008 | 180830b ||||| |||| 00| 0 eng d | ||
| 022 | _a16565649 | ||
| 082 | _aDPer 303.405 H22 June -Sept 2016 v.12 n. 7-10 | ||
| 100 |
_930736 _aSoon, Alvin. |
||
| 245 |
_aThe curious case of ancient automata: _brobots and androids are darling of science fiction today, but the history of the automation goes _cAlvin Soon. |
||
| 260 |
_aQuezon City: _bHardware Zone Phils. Corp., _cJune -Sept 2016. |
||
| 300 |
_av12 n8: pages 10-13: _billustrations; _c28 cm. |
||
| 650 | 0 |
_930737 _aIndustrial robots. |
|
| 942 |
_2ddc _cPER |
||